Early Childhood Care and Education/ (Record no. 211431)

MARC details
000 -LEADER
fixed length control field 00576nam a22001937a 4500
005 - DATE AND TIME OF LATEST TRANSACTION
control field 20250528162319.0
010 ## - LCCN (DPL NO)
LC control number ENG-145010
020 ## - INTERNATIONAL STANDARD BOOK NUMBER
International Standard Book Number 9789390627028
Terms of availability 600.00
035 ## - SYSTEM CONTROL NUMBER
System control number EN-128542
037 ## - SOURCE OF ACQUISITION
Source of stock number/acquisition DBAD
082 ## - DEWEY DECIMAL CLASSIFICATION NUMBER
Classification number 649.1
Edition number 1
100 ## - MAIN ENTRY--PERSONAL NAME
Personal name Nandini N.
245 ## - TITLE STATEMENT
Title Early Childhood Care and Education/
Statement of responsibility, etc Nandini N.
250 ## - EDITION STATEMENT
Edition statement 1
260 ## - PUBLICATION, DISTRIBUTION, ETC. (IMPRINT)
Name of publisher, distributor, etc Krishna Publication House
Place of publication, distribution, etc Gujarat
Date of publication, distribution, etc 2021
270 ## - ADDRESS
Address No.303, YashKunj Apartment, Devbaug, Anantwadi, Bhavnagar
City Gujarat
Postal code 364002
300 ## - PHYSICAL DESCRIPTION
Extent 296p
Dimensions 21cm (pb)
942 ## - ADDED ENTRY ELEMENTS (KOHA)
Source of classification or shelving scheme Dewey Decimal Classification
Item type English Books
Classification part 649.1
Call number suffix NNA
Holdings
Withdrawn status Lost status Not for loan Collection code Home library Current library Date acquired Source of acquisition Cost, normal purchase price Full call number Barcode Copy number Cost, replacement price Koha item type
      Non-fiction New Police Line New Police Line 28/05/2025 Delivery of Books Act Division 600.00 649.1 NNA EN-128542 1 600.00 English Books

© Delhi Public Library
Hit Counter
free hit counter